000 00893nam a2200289 a 4500
001 000024318
003 DO-SdBNP
005 20180327120817.0
007 000024318
008 110126s2009 dr a 000 0 spa d
020 _a9945421123
040 _aBPMSU
_bspa
_cBPMSU
082 _a860
_bA634i, 2009
245 1 0 _aAntología infantil /
_cselección de versos, canciones y fábulas Fiume Bienvenida Gómez Sánchez
250 _a3a. ed.
260 _aSanto Domingo :
_bAmigo del Hogar,
_c2009
300 _a94 p. :
_bil. ;
_c29 cm.
650 _a POESÍA INFANTIL
650 _aCANCIONES INFANTILES
650 _aFÁBULAS
_xLITERATURA INFANTIL
650 _aLITERATURA INFANTIL
700 _aGómez Sánchez , Fiume Bienvenida
942 _2ddc
_cBK
945 _aInventariado / 2018 VM
956 _aVMATEO
_b10
_c20150518
_lBPMSU
_h0069
956 _aValidado. Control de calidad MFF
999 _c7288
_d7288